Human Resource Management (Record no. 350396)
[ view plain ]
| 000 -LEADER | |
|---|---|
| fixed length control field | 01462cam a22003855a 4500 |
| 001 - CONTROL NUMBER | |
| control field | 17888464 |
| 003 - CONTROL NUMBER IDENTIFIER | |
| control field | OSt |
| 005 - DATE AND TIME OF LATEST TRANSACTION | |
| control field | 20180116183016.0 |
| 008 - FIXED-LENGTH DATA ELEMENTS--GENERAL INFORMATION | |
| fixed length control field | 130917s2014 caua b 001 0 eng d |
| 010 ## - LIBRARY OF CONGRESS CONTROL NUMBER | |
| LC control number | 2013950620 |
| 020 ## - INTERNATIONAL STANDARD BOOK NUMBER | |
| International Standard Book Number | 9781446270790 (pbk.) |
| 020 ## - INTERNATIONAL STANDARD BOOK NUMBER | |
| International Standard Book Number | 1446270793 (pbk.) |
| 020 ## - INTERNATIONAL STANDARD BOOK NUMBER | |
| International Standard Book Number | 1446270785 |
| 020 ## - INTERNATIONAL STANDARD BOOK NUMBER | |
| International Standard Book Number | 9781446270783 |
| 035 ## - SYSTEM CONTROL NUMBER | |
| System control number | (OCoLC)ocn880951992 |
| 040 ## - CATALOGING SOURCE | |
| Original cataloging agency | TULIB |
| Language of cataloging | eng |
| Transcribing agency | TULIB |
| Modifying agency | TULIB |
| -- | NLE |
| -- | YDXCP |
| -- | UKMGB |
| -- | BDX |
| -- | CDX |
| -- | DEBBG |
| -- | OCLCO |
| -- | CLE |
| -- | OCLCF |
| -- | UKWOH |
| -- | UAB |
| -- | OCLCA |
| -- | DLC |
| 042 ## - AUTHENTICATION CODE | |
| Authentication code | lccopycat |
| 082 04 - DEWEY DECIMAL CLASSIFICATION NUMBER | |
| Classification number | 658.3 CRA 2014 |
| Edition number | 23 |
| 100 ## - MAIN ENTRY--PERSONAL NAME | |
| Personal name | Jonathan R. Crawshaw Pawan Budhwar Ann Davis |
| 245 00 - TITLE STATEMENT | |
| Title | Human Resource Management |
| Remainder of title | strategic and international perspectives |
| Statement of responsibility, etc. | edited by Jonathan R. Crawshaw, Pawan S. Budhwar and Ann Davis. |
| 260 ## - PUBLICATION, DISTRIBUTION, ETC. | |
| Place of publication, distribution, etc. | Los Angeles : |
| Name of publisher, distributor, etc. | SAGE, |
| Date of publication, distribution, etc. | 2014. |
| 300 ## - PHYSICAL DESCRIPTION | |
| Extent | xxiii, 373 p. : |
| Other physical details | col. ill. ; |
| Dimensions | 23 cm. |
| 440 ## - SERIES STATEMENT/ADDED ENTRY--TITLE | |
| Title | Human Resource Management |
| 504 ## - BIBLIOGRAPHY, ETC. NOTE | |
| Bibliography, etc. note | Includes bibliographical references (p. 328-365) and index. |
| 600 ## - SUBJECT ADDED ENTRY--PERSONAL NAME | |
| Personal name | Jonathan R. Crawshaw Pawan Budhwar Ann Davis |
| 650 #0 - SUBJECT ADDED ENTRY--TOPICAL TERM | |
| Topical term or geographic name entry element | Personnel management. |
| 650 #7 - SUBJECT ADDED ENTRY--TOPICAL TERM | |
| Topical term or geographic name entry element | Personnel management. |
| Source of heading or term | fast |
| 700 1# - ADDED ENTRY--PERSONAL NAME | |
| Personal name | Crawshaw, Jonathan R. |
| 700 1# - ADDED ENTRY--PERSONAL NAME | |
| Personal name | Budhwar, Pawan S. |
| 700 1# - ADDED ENTRY--PERSONAL NAME | |
| Personal name | Davis, Ann |
| Titles and other words associated with a name | (Lecturer in organisational psychology) |
| 906 ## - LOCAL DATA ELEMENT F, LDF (RLIN) | |
| a | 0 |
| b | ibc |
| c | copycat |
| d | 2 |
| e | ncip |
| f | 20 |
| g | y-gencatlg |
| 942 ## - ADDED ENTRY ELEMENTS (KOHA) | |
| Source of classification or shelving scheme | |
| Koha item type | Book |
| Withdrawn status | Lost status | Source of classification or shelving scheme | Damaged status | Not for loan | Collection code | Permanent Location | Current Location | Shelving location | Date acquired | Total Checkouts | Full call number | Barcode | Date last seen | Date last checked out | Price effective from | Koha item type |
|---|---|---|---|---|---|---|---|---|---|---|---|---|---|---|---|---|
| Central Library (CL) | Central Library (CL) | General Stacks | 10/06/2015 | 3 | 658.3 CRA 2014 | NBS9517 | 11/12/2025 | 10/02/2025 | 10/06/2015 | Book |
